000 003100000a22000970004500
100 1 _aFegenbush, Kris
245 1 0 _aSide by side : Mexico city pastor turns to spearhead for church-planting help
300 _aVol. 77, Num. 1 (Enero-Marzo, 1997), Páginas 16-17
773 0 _tLatin America Evangelist
942 _cANA
999 _c55055
_d55055